000 00276nam a2200121Ia 4500
008 190216s9999||||xx |||||||||||||| ||und||
100 _aAgrawal P K
245 0 _aIit Physics
260 _bKrishna Prakashan Media
_c1997
300 _a1961p
650 _aPhysics
942 _cREF
999 _c36392
_d36392